Σχήματα Χωρών από Σ - Statistics

General Stats
  • This quiz has been taken 5 times
  • The average score is 13 of 16
Answer Stats
Picture Answer % Correct
Σαμόα
100%
Σάο Τομέ και Πρίνσιπε
100%
Σαουδική Αραβία
100%
Σενεγάλη
100%
Σουδάν
100%
Σρι Λάνκα
100%
Σερβία
80%
Σεϋχέλλες
80%
Σιγκαπούρη
80%
Σομαλία
80%
Σουηδία
80%
Σιέρρα Λεόνε
60%
Σλοβακία
60%
Σλοβενία
60%
Σουρινάμ
60%
Συρία
60%
No matching quizzes found
Score Distribution
Percent of People with Each Score
Percentile by Number Answered
Your Score History
You have not taken this quiz